01753nam a2200421Ia 4500001001200000003000800012006001900020007001500039008004100054010001700095020004300112020002600155040002100181035002100202050002700223082002000250245014000270260006700410300003200477504005100509533015200560600004500712600004600757610004700803650002900850650003800879650003400917650003500951650004900986650004301035655002901078700002201107700002001129700002201149710001701171856012601188999001701314ebr10404114CaPaEBRm u cr cn|||||||||100311s2010 enkab sb 001 0 eng d z 2010010026 z9780754665700 (hardcover : alk. paper) z9781409410096 (ebook) aCaPaEBRcCaPaEBR a(OCoLC)66397344914aKJV131.T46bB85 2010eb04a345.44/028822204aThe debate on the Trial of the Templars, 1307-1314h[electronic resource] /cedited by Jochen Burgtorf, Paul Crawford, Helen Nicholson. aFarnham, Surrey, England ;aBurlington, VT :bAshgate,cc2010. axxvi, 399 p. :bill., maps. aIncludes bibliographical references and index. aElectronic reproduction.bPalo Alto, Calif. :cebrary,d2010.nAvailable via World Wide Web.nAccess may be limited to ebrary affiliated libraries.00aPhilipbIV,cKing of France,d1268-1314.00aEdwardbII,cKing of England,d1284-1327.20aTemplarszFrancevTrials, litigation, etc. 0aTrials (Heresy)zFrance. 0aTrials (Heresy)zEuropexHistory. 0aInquisitionzEuropexHistory. 0aHospitalersxHistoryyTo 1500. 0aMilitary religious ordersxHistoryyTo 1500. 0aGrailxLegendsxHistory and criticism. 7aElectronic books.2local1 aBurgtorf, Jochen.1 aCrawford, Paul.1 aNicholson, Helen.2 aebrary, Inc.40uhttp://site.ebrary.com/lib/rucke/Doc?id=10404114zAn electronic book accessible through the World Wide Web; click to view c81675d81675